Soviet trade unions : Their place in Soviet labour policy
Spremljeno u:
| Glavni autor: | |
|---|---|
| Format: | Knjiga |
| Jezik: | Undetermined |
| Izdano: |
London
Royal Institute of International Affairs
1950
|
| Teme: | |
| Oznake: |
Dodaj oznaku
Bez oznaka, Budi prvi tko označuje ovaj zapis!
|
| Thư viện lưu trữ: | Trung tâm Học liệu Trường Đại học Cần Thơ |
|---|
| LEADER | 00546nam a2200193Ia 4500 | ||
|---|---|---|---|
| 001 | CTU_83168 | ||
| 008 | 210402s9999 xx 000 0 und d | ||
| 082 | |a 331.8809 | ||
| 082 | |b D486 | ||
| 100 | |a Deutscher, Isaac | ||
| 245 | 0 | |a Soviet trade unions : | |
| 245 | 0 | |b Their place in Soviet labour policy | |
| 245 | 0 | |c Isaac Deutscher | |
| 260 | |a London | ||
| 260 | |b Royal Institute of International Affairs | ||
| 260 | |c 1950 | ||
| 650 | |a Labor unions | ||
| 904 | |i Qhieu(sửa) | ||
| 980 | |a Trung tâm Học liệu Trường Đại học Cần Thơ | ||